Reform in the electricity supply industry and implementation of a competitive electricity market in Malaysia /
Saved in:
| Main Author: | |
|---|---|
| Other Authors: | |
| Format: | Thesis Book |
| Language: | English |
| Published: |
2001.
|
| Subjects: | |
| Online Access: | http://studentsrepo.um.edu.my/id/eprint/977 |
| Tags: |
Add Tag
No Tags, Be the first to tag this record!
|
| LEADER | 01351nam a2200313 a 4500 | ||
|---|---|---|---|
| 001 | u698697 | ||
| 003 | SIRSI | ||
| 008 | 041001s2001 my a t 00 1 eng m | ||
| 035 | |a ADC-7751 | ||
| 040 | |a UMM |d UMK | ||
| 043 | |a a-my--- | ||
| 090 | |a HF1008 |b UM 2001 Leo | ||
| 098 | |a HF5630 |b UM 2001 Leo | ||
| 100 | 1 | 0 | |a Leong, William Kim Cheong. |
| 245 | 1 | 0 | |a Reform in the electricity supply industry and implementation of a competitive electricity market in Malaysia / |c William Leong Kim Cheong & Simon Seong Pick Pak. |
| 260 | |c 2001. | ||
| 300 | |a 139 leaves : |b ill. ; |c 30 cm. | ||
| 502 | |a Dissertation (M.B.A.) -- Fakulti Perniagaan dan Perakaunan, Universiti Malaya, 2001. | ||
| 504 | |a Bibliography: leaves 135-139 | ||
| 650 | 0 | |a Electric industries |z Malaysia. | |
| 650 | 0 | |a Electric utilities |z Malaysia. | |
| 700 | 1 | 0 | |a Seong, Simon Pick Pak. |
| 710 | 2 | 0 | |a Universiti Malaya. |b Fakulti Perniagaan dan Perakaunan. |
| 856 | |a RC:A511962228 |z Click Here for Abstract and Table of Contents | ||
| 856 | 4 | 1 | |u http://studentsrepo.um.edu.my/id/eprint/977 |
| 948 | |a 01/10/2004 |b 01/10/2004 | ||
| 596 | |a 1 19 | ||
| 999 | |a HF1008 UM 2001 LEO |w LC |c 1 |i A511702357 |d 30/8/2010 |e 30/8/2010 |f 12/5/2005 |g 1 |l STACKS |m P01UTAMA |n 6 |r Y |s Y |t TESIS |u 30/11/2004 | ||
| 999 | |a HF5630 UM 2001 LEO |w LC |c 1 |i A511853113 |d 7/6/2005 |f 7/6/2005 |g 1 |l STACKS |m P19KOTA |r Y |s Y |t TESIS |u 7/6/2005 | ||
